00713nam a2200205Ia 4500001002200000003000900022008004100031040002300072041001300095100001800108240005400126245006000180250001500240260003200255300001800287501012400305520002500429700001700454700003600471193-BUB ma ca (15558)IT-MiSPE171229s9999||||xx |||||||||||||| ||und|| aIT-MiSPEcIT-MiSPE aITALIANO aMartin Buber  aDer Weg des Menschen nach der chassidischen Lehre 0aIl cammino dell'uomobSecondo l'insegnamento chassidico a1a ed. (v) aMagnano (BI)bQiqajonc1990 a67 p. c19 cm aEdizioni San Paolo srl - Piazza Soncino, 5 - 20092 CINISELLO BALSAMO (MI) (non commercial uses only) ® Copyright 2018 aEnzo Bianchi (pref.) aEnzo Bianchi aGianfranco Bonolag(traduzione)